Giúp trí nhớ chuỗi phản ứng hóa học

Đã lưu trong:
书目详细资料
主要作者: Ngô Ngọc An
格式: 图书
语言:Undetermined
出版: Hà Nội Giáo dục 2004
主题:
标签: 添加标签
没有标签, 成为第一个标记此记录!
Thư viện lưu trữ: Trung tâm Học liệu Trường Đại học Cần Thơ
LEADER 00525nam a2200193Ia 4500
001 CTU_90789
008 210402s9999 xx 000 0 und d
020 |c 10000 
082 |a 541.39 
082 |b A105 
100 |a Ngô Ngọc An 
245 0 |a Giúp trí nhớ chuỗi phản ứng hóa học 
245 0 |c Ngô Ngọc An 
260 |a Hà Nội 
260 |b Giáo dục 
260 |c 2004 
650 |a chemical reactions 
904 |i Trúc 
980 |a Trung tâm Học liệu Trường Đại học Cần Thơ